Marketingová strategie řízení vztahů se zákazníky
Trojstupňová marketingová stratégia v procese riadenia vzťahov so zákazníkmi. Predpredajný marketing - vyhľadávanie zákazníka. Predajný marketing - vybudovanie klientely. Popredajný marketing - udržanie si zákazníka. Spätná väzba a priebežná kontrola systému riadenia vzťahov so zákazníkmi.
Enregistré dans:
| Auteur principal: | |
|---|---|
| Format: | Chapitre de livre |
| Langue: | tchèque |
| Sujets: | |
| Tags: |
Pas de tags, Soyez le premier à ajouter un tag!
|
MARC
| LEADER | 00000naa$a2200000$$$4500 | ||
|---|---|---|---|
| 001 | 0054889 | ||
| 005 | 20231128135052.2 | ||
| 041 | 0 | |a cze | |
| 044 | |a CZ | ||
| 245 | 1 | 0 | |a Marketingová strategie řízení vztahů se zákazníky |c Petr Krejčí |
| 520 | |a Trojstupňová marketingová stratégia v procese riadenia vzťahov so zákazníkmi. Predpredajný marketing - vyhľadávanie zákazníka. Predajný marketing - vybudovanie klientely. Popredajný marketing - udržanie si zákazníka. Spätná väzba a priebežná kontrola systému riadenia vzťahov so zákazníkmi. | ||
| 610 | 2 | 0 | |a marketing |
| 610 | 2 | 0 | |a stratégia marketingová |
| 610 | 2 | 0 | |a obchod |
| 610 | 2 | 0 | |a zákazníci |
| 610 | 2 | 0 | |a riadenie vzťahov so zákazníkmi |
| 610 | 2 | 0 | |a systém CRM |
| 100 | 1 | |a Krejčí, Petr | |